000 00476nam a2200193Ia 4500
003 GCL
008 140319s9999 xx 000 0 eng d
040 _aGCL /
_cGCL
082 0 4 _a746.44
_bL I
100 1 _aLAWTHER, GAIL
245 1 0 _aINSPIRATIONAL IDEAS FOR EMBROIDERY /
_cLAWTHER, GAIL
260 _a[S.N] :
_bSEARCH PRESS ،
_c1993
300 _a96 P
650 0 4 _aNEDDLE WORKS
650 0 4 _aARTS
650 0 4 _aEMBROIDERY
650 0 4 _aHANDWORKS
942 _2ddc
_cBK
999 _c21092
_d21092